000 00669nam a2200181Ia 4500
008 100921s9999 xx 000 0 und d
082 _b19195
_a928 थ 84
100 _aबेडेकर विश्राम.
245 _aएक झाड दोन पक्षी.
260 _bपॉप्युलर प्रकाशन, मुंबई.
_c1984
300 _a315
_b---
365 _b100
520 _aचरित्रे-साहित्यिक.
630 _aएक झाड दोन पक्षी.
650 _aचरित्रे-साहित्यिक.
730 _aएक झाड दोन पक्षी.
942 _cBOOK
999 _c768308
_d768305